American Actresses by Picture #1 - Statistics

General Stats
  • This quiz has been taken 114 times
  • The average score is 12 of 16
Answer Stats
Picture Answer % Correct
Marilyn Monroe
91%
Jennifer Aniston
89%
Scarlett Johansson
89%
Sandra Bullock
86%
Julia Roberts
84%
Cameron Diaz
83%
Meryl Streep
81%
Zendaya
81%
Reese Witherspoon
74%
Jodie Foster
72%
Halle Berry
68%
Amy Adams
67%
Susan Sarandon
58%
Sydney Sweeney
54%
Uma Thurman
50%
Jennifer Connelly
28%
No matching quizzes found
Score Distribution
Percent of People with Each Score
Percentile by Number Answered
Your Score History
You have not taken this quiz